Fyzika : B pre odborné učilištia a učňovské školy /

Uložené v:
Podrobná bibliografia
Hlavný autor: Řešátko, Miloš, 1930-1987
Ďalší autori: Záchenský, Ján (Translator), Nováková, Anna (Translator)
Médium: Kniha
Jazyk:Slovak
Vydané: Bratislava : Slovenské pedagogické nakladateľstvo, 1977.
Vydanie:2. vyd.
ISBN: (viaz.)
Fyzický popis: 435 s.
Tagy: Pridať tag
Žiadne tagy, Buďte prvý kto otaguje tento záznam!

MARC

LEADER 00000nam a2200000 a 4500
001 000113402
005 20091017191654.0
008 040101s1977 xo d p 000 0 slo d
020 |a (viaz.) 
040 |a SVKKK  |b slo  |c SVKKK  |e AACR2 
041 0 |a slo 
044 |a xo  |c SK 
100 1 |a Řešátko, Miloš,  |d 1930-1987 
245 1 0 |a Fyzika :  |b B pre odborné učilištia a učňovské školy /  |c Miloš Řešátko ; preklad Ján Záchenský a Anna Nováková. 
250 |a 2. vyd. 
260 |a Bratislava :  |b Slovenské pedagogické nakladateľstvo,  |c 1977. 
300 |a 435 s. 
500 |a Preklad z čes. orig. 
700 1 |a Záchenský, Ján  |4 trl 
700 1 |a Nováková, Anna  |4 trl 
910 |a svkkk 
998 |a BK 
090 |g SCKHL  |k Sklad Pribinova 2. posch.  |a II.226199  |j 548210  |i 113402-10  |s Absenčne